[Event "European Rapid Championship 2021"]
[Site "Katowice"]
[Date "2021.12.18"]
[Round "4.12"]
[White "Paszewski, Mateusz"]
[Black "Sumets, Andrey"]
[Result "0-1"]
[WhiteElo "2202"]
[BlackElo "2508"]
[Annotator "ChessBase"]
[PlyCount "140"]
[EventDate "2021.12.18"]
[EventType "swiss"]
[EventCountry "POL"]
[SourceTitle "playchess.com"]
[Source "ChessBase"]
[SourceQuality "1"]
[TimeControl "900+10"]

1. c4 {[%emt 0:00:02]} c6 {[%emt 0:00:23]} 2. d4 {[%emt 0:00:14]} d5 {[%emt 0:
00:01]} 3. cxd5 {[%emt 0:00:01]} cxd5 {[%emt 0:00:01]} 4. Bf4 {[%emt 0:00:02]}
Nc6 {[%emt 0:00:08]} 5. e3 {[%emt 0:00:01]} Nf6 {[%emt 0:00:02]} 6. Nc3 {
[%emt 0:00:02]} Bf5 {[%emt 0:00:10]} 7. Qb3 {[%emt 0:00:04]} Na5 {[%emt 0:00:
01]} 8. Qa4+ {[%emt 0:00:01]} Bd7 {[%emt 0:00:02]} 9. Qc2 {[%emt 0:00:01]} e6 {
[%emt 0:00:24]} 10. Bd3 {[%emt 0:00:07]} Nc6 {[%emt 0:00:05]} 11. Qe2 {[%emt 0:
00:42]} Bb4 {[%emt 0:00:50]} 12. Nf3 {[%emt 0:01:34]} Nh5 {[%emt 0:05:27]} 13.
Bg5 {[%emt 0:01:10]} Qa5 {[%emt 0:00:02]} 14. O-O {[%emt 0:00:04]} h6 {[%emt 0:
00:08]} 15. Bh4 {[%emt 0:00:05]} g5 {[%emt 0:01:10]} 16. Nd2 {[%emt 0:01:59]}
Bxc3 {[%emt 0:01:03]} 17. Nb3 {[%emt 0:01:34]} Nf4 {[%emt 0:01:20]} 18. exf4 {
[%emt 0:00:18]} Nxd4 {[%emt 0:00:02]} 19. Nxd4 {[%emt 0:00:10]} Bxd4 {[%emt 0:
00:02]} 20. fxg5 {[%emt 0:00:05]} hxg5 {[%emt 0:00:33]} 21. Bxg5 {[%emt 0:00:
35]} Qc7 {[%emt 0:00:33]} 22. g3 {[%emt 0:00:34]} Qe5 {[%emt 0:00:02]} 23. Qd2
{[%emt 0:03:41]} Bxb2 {[%emt 0:01:09]} 24. Rae1 {[%emt 0:00:14]} Qd4 {[%emt 0:
00:26]} 25. Rb1 {[%emt 0:01:10]} Bc3 {[%emt 0:00:06]} 26. Qe2 {[%emt 0:00:01]}
Bc6 {[%emt 0:00:25]} 27. Bb5 {[%emt 0:01:20]} Qe5 {[%emt 0:00:40]} 28. Bxc6+ {
[%emt 0:01:06]} bxc6 {[%emt 0:00:01]} 29. Qa6 {[%emt 0:00:03]} O-O {[%emt 0:00:
16]} 30. Bf4 {[%emt 0:00:18]} Qe4 {[%emt 0:00:34]} 31. Qxc6 {[%emt 0:00:02]}
Rac8 {[%emt 0:00:18]} 32. Qb7 {[%emt 0:00:37]} Bd4 {[%emt 0:00:05]} 33. Bh6 {
[%emt 0:00:49]} Rfe8 {[%emt 0:00:15]} 34. Rbc1 {[%emt 0:00:20]} Rxc1 {[%emt 0:
00:10]} 35. Bxc1 {[%emt 0:00:01]} e5 {[%emt 0:01:50]} 36. Bb2 {[%emt 0:00:11]}
Bb6 {[%emt 0:00:23]} 37. Qd7 {[%emt 0:00:09]} Re6 {[%emt 0:00:44]} 38. Qc8+ {
[%emt 0:00:43]} Kg7 {[%emt 0:00:03]} 39. Ba3 {[%emt 0:00:04]} Qf3 {[%emt 0:00:
09]} 40. Qc1 {[%emt 0:01:16]} Rg6 {[%emt 0:01:16]} 41. Bc5 {[%emt 0:00:10]} d4
{[%emt 0:00:13]} 42. Bxb6 {[%emt 0:00:02]} axb6 {[%emt 0:00:00]} 43. Re1 {
[%emt 0:00:15]} e4 {[%emt 0:00:12]} 44. Qb2 {[%emt 0:00:13]} Rd6 {[%emt 0:00:
04]} 45. Qb4 {[%emt 0:00:11]} Rd5 {[%emt 0:00:10]} 46. Qc4 {[%emt 0:00:14]} Qf5
{[%emt 0:00:13]} 47. Rd1 {[%emt 0:00:12]} b5 {[%emt 0:00:05]} 48. Qb4 {[%emt 0:
00:05]} d3 {[%emt 0:00:02]} 49. Qd2 {[%emt 0:00:04]} Qf3 {[%emt 0:00:22]} 50.
Re1 {[%emt 0:00:02]} Rc5 {[%emt 0:00:12]} 51. Qb2+ {[%emt 0:00:23]} Qf6 {
[%emt 0:00:10]} 52. Qd2 {[%emt 0:00:16]} Rc2 {[%emt 0:00:32]} 53. Qe3 {[%emt 0:
00:01]} Rc4 {[%emt 0:00:02]} 54. f3 {[%emt 0:00:16]} exf3 {[%emt 0:00:08]} 55.
Rf1 {[%emt 0:00:04]} Qd4 {[%emt 0:00:05]} 56. Qxd4+ {[%emt 0:00:08]} Rxd4 {
[%emt 0:00:01]} 57. Kf2 {[%emt 0:00:05]} d2 {[%emt 0:00:02]} 58. Rd1 {[%emt 0:
00:01]} Rd3 {[%emt 0:00:01]} 59. g4 {[%emt 0:00:16]} f5 {[%emt 0:00:28]} 60.
gxf5 {[%emt 0:00:28]} Kf6 {[%emt 0:00:01]} 61. Kg3 {[%emt 0:00:01]} Kxf5 {
[%emt 0:00:02]} 62. h3 {[%emt 0:00:03]} Ke4 {[%emt 0:00:04]} 63. Kf2 {[%emt 0:
00:02]} Kf4 {[%emt 0:00:02]} 64. h4 {[%emt 0:00:01]} Kg4 {[%emt 0:00:05]} 65.
Rg1+ {[%emt 0:00:38]} Kxh4 {[%emt 0:00:02]} 66. Rd1 {[%emt 0:00:01]} Kg4 {
[%emt 0:00:02]} 67. a4 {[%emt 0:00:01]} bxa4 {[%emt 0:00:10]} 68. Rg1+ {
[%emt 0:00:02]} Kf4 {[%emt 0:00:03]} 69. Rg8 {[%emt 0:00:01]} d1=N+ {[%emt 0:
00:07]} 70. Ke1 {[%emt 0:00:02]} Nc3 {[%emt 0:00:13]} 0-1

[Event "European Rapid Championship 2021"]
[Site "Katowice"]
[Date "2021.12.18"]
[Round "4.13"]
[White "Janik, Igor"]
[Black "Mikhaletz, Lubomir"]
[Result "1-0"]
[WhiteElo "2462"]
[BlackElo "2166"]
[Annotator "ChessBase"]
[PlyCount "99"]
[EventDate "2021.12.18"]
[EventType "swiss"]
[EventCountry "POL"]
[SourceTitle "playchess.com"]
[Source "ChessBase"]
[SourceQuality "1"]
[TimeControl "900+10"]

1. e4 {[%emt 0:00:02]} c5 {[%emt 0:00:03]} 2. Nf3 {[%emt 0:00:01]} e6 {[%emt 0:
00:01]} 3. g3 {[%emt 0:00:03]} Nc6 4. Bg2 {[%emt 0:00:00]} Nf6 {[%emt 0:01:11]}
5. Qe2 e5 6. O-O {[%emt 0:00:14]} d6 {[%emt 0:00:54]} 7. c3 {[%emt 0:00:01]} g6
{[%emt 0:00:13]} 8. d4 {[%emt 0:00:53]} cxd4 {[%emt 0:00:17]} 9. cxd4 {[%emt 0:
00:01]} Bg4 {[%emt 0:00:34]} 10. d5 {[%emt 0:00:16]} Nd4 {[%emt 0:00:11]} 11.
Qd3 {[%emt 0:00:03]} Bxf3 {[%emt 0:00:06]} 12. Bxf3 {[%emt 0:00:02]} Nxf3+ {
[%emt 0:00:04]} 13. Qxf3 {[%emt 0:00:02]} Bg7 {[%emt 0:00:24]} 14. Nc3 {
[%emt 0:00:14]} O-O {[%emt 0:00:10]} 15. Bg5 {[%emt 0:00:39]} h6 {[%emt 0:00:
11]} 16. Be3 {[%emt 0:00:05]} a6 {[%emt 0:00:10]} 17. Qe2 {[%emt 0:00:17]} Nd7
{[%emt 0:00:08]} 18. f3 {[%emt 0:00:19]} Kh7 {[%emt 0:01:06]} 19. Rac1 {
[%emt 0:00:06]} Rc8 {[%emt 0:01:12]} 20. Qd3 {[%emt 0:01:30]} h5 {[%emt 0:04:
01]} 21. Ne2 {[%emt 0:00:24]} Qa5 {[%emt 0:00:07]} 22. a3 {[%emt 0:00:32]} Bh6
{[%emt 0:00:11]} 23. f4 {[%emt 0:00:49]} f5 {[%emt 0:00:03]} 24. Rxc8 {[%emt 0:
00:27]} Rxc8 {[%emt 0:00:52]} 25. exf5 {[%emt 0:00:02]} Qb5 {[%emt 0:01:06]}
26. fxg6+ {[%emt 0:00:19]} Kg7 {[%emt 0:00:07]} 27. Qxb5 {[%emt 0:00:07]} axb5
{[%emt 0:00:01]} 28. Nc3 {[%emt 0:00:04]} Nf6 {[%emt 0:00:13]} 29. Bc1 {
[%emt 0:00:45]} b4 {[%emt 0:00:47]} 30. fxe5 {[%emt 0:00:18]} Ng4 {[%emt 0:00:
33]} 31. Bxh6+ {[%emt 0:00:16]} Kxh6 {[%emt 0:00:02]} 32. axb4 {[%emt 0:00:15]}
Nxe5 {[%emt 0:00:02]} 33. Ne4 {[%emt 0:00:19]} Kxg6 {[%emt 0:00:25]} 34. Nxd6 {
[%emt 0:00:36]} Rc2 {[%emt 0:00:22]} 35. Rf2 {[%emt 0:00:35]} Rc1+ {[%emt 0:00:
06]} 36. Kg2 {[%emt 0:00:01]} Rd1 {[%emt 0:00:16]} 37. Nxb7 {[%emt 0:00:50]}
Rxd5 {[%emt 0:00:04]} 38. Nc5 {[%emt 0:00:07]} Rd4 {[%emt 0:00:10]} 39. Re2 {
[%emt 0:00:12]} Kf5 {[%emt 0:00:13]} 40. b5 {[%emt 0:00:10]} Rc4 {[%emt 0:00:
17]} 41. b4 {[%emt 0:00:08]} Ng4 {[%emt 0:00:10]} 42. h3 {[%emt 0:01:08]} Nf6 {
[%emt 0:00:17]} 43. Rf2+ {[%emt 0:00:23]} Kg6 {[%emt 0:00:21]} 44. Rf4 {
[%emt 0:00:31]} Rc2+ {[%emt 0:00:06]} 45. Kf3 {[%emt 0:00:10]} Rc3+ {[%emt 0:
00:14]} 46. Kf2 {[%emt 0:00:04]} Rc2+ {[%emt 0:00:22]} 47. Ke1 {[%emt 0:00:07]}
Nd5 {[%emt 0:01:07]} 48. Rd4 {[%emt 0:00:22]} Ne3 {[%emt 0:00:01]} 49. Re4 {
[%emt 0:00:07]} Nd5 {[%emt 0:00:10]} 50. b6 {[%emt 0:00:02]} 1-0

[Event "European Rapid Championship 2021"]
[Site "Katowice"]
[Date "2021.12.18"]
[Round "4.13"]
[White "Zapalowska, Wiktoria"]
[Black "Zakrzewski, Marek"]
[Result "1/2-1/2"]
[WhiteElo "1288"]
[BlackElo "2239"]
[Annotator "NA"]
[PlyCount "98"]
[EventDate "2021.12.18"]
[EventType "swiss"]
[EventCountry "POL"]
[SourceTitle "playchess.com"]
[Source "ChessBase"]
[SourceQuality "1"]
[TimeControl "900+10"]

1. e4 {[%emt 0:00:01]} c5 {[%emt 0:00:01]} 2. Nf3 {[%emt 0:00:02]} e6 {[%emt 0:
00:02]} 3. d4 {[%emt 0:00:01]} cxd4 {[%emt 0:00:03]} 4. Nxd4 {[%emt 0:00:01]}
Nc6 {[%emt 0:00:01]} 5. Nc3 {[%emt 0:00:02]} Qc7 {[%emt 0:00:01]} 6. Be3 {
[%emt 0:00:06]} a6 {[%emt 0:00:02]} 7. Be2 {[%emt 0:00:09]} Nf6 {[%emt 0:00:02]
} 8. f3 {[%emt 0:00:13]} b5 {[%emt 0:00:45]} 9. a3 {[%emt 0:00:04]} Bb7 {
[%emt 0:00:03]} 10. O-O {[%emt 0:00:04]} Bc5 {[%emt 0:00:09]} 11. Bf2 {[%emt 0:
00:32]} Qb6 {[%emt 0:00:13]} 12. Nxc6 {[%emt 0:00:14]} Bxf2+ {[%emt 0:00:08]}
13. Rxf2 {[%emt 0:00:02]} dxc6 {[%emt 0:00:59]} 14. Qe1 {[%emt 0:00:07]} O-O {
[%emt 0:00:11]} 15. Kh1 {[%emt 0:00:26]} e5 {[%emt 0:01:03]} 16. Rd1 {[%emt 0:
00:56]} Rad8 {[%emt 0:00:15]} 17. Bd3 {[%emt 0:00:10]} Rd6 {[%emt 0:02:27]} 18.
Rfd2 {[%emt 0:00:05]} Rfd8 {[%emt 0:00:11]} 19. Bf1 {[%emt 0:01:41]} c5 {
[%emt 0:01:25]} 20. Qe3 {[%emt 0:01:28]} Qc7 {[%emt 0:02:10]} 21. Rxd6 {
[%emt 0:01:35]} Rxd6 {[%emt 0:00:02]} 22. Rxd6 {[%emt 0:00:01]} Qxd6 {[%emt 0:
00:02]} 23. Qd3 {[%emt 0:01:03]} Qd4 {[%emt 0:00:09]} 24. Qxd4 {[%emt 0:02:28]}
exd4 {[%emt 0:00:08]} 25. Ne2 {[%emt 0:00:55]} Kf8 {[%emt 0:00:21]} 26. b4 {
[%emt 0:00:11]} Nd7 {[%emt 0:04:43]} 27. bxc5 {[%emt 0:00:06]} Nxc5 {[%emt 0:
00:02]} 28. Nxd4 {[%emt 0:00:02]} Ke7 {[%emt 0:00:01]} 29. Kg1 {[%emt 0:00:06]}
Kd6 {[%emt 0:02:02]} 30. Kf2 {[%emt 0:00:13]} Na4 {[%emt 0:00:04]} 31. c4 {
[%emt 0:03:06]} bxc4 {[%emt 0:00:24]} 32. Bxc4 {[%emt 0:00:01]} Kc5 {[%emt 0:
00:03]} 33. Bb3 {[%emt 0:00:00]} Kxd4 {[%emt 0:00:12]} 34. Bxa4 {[%emt 0:00:02]
} Kc3 {[%emt 0:00:40]} 35. Be8 {[%emt 0:00:04]} f6 {[%emt 0:00:20]} 36. Ke3 {
[%emt 0:00:08]} a5 {[%emt 0:00:39]} 37. g3 {[%emt 0:00:36]} g5 {[%emt 0:00:11]}
38. f4 {[%emt 0:00:12]} gxf4+ {[%emt 0:00:02]} 39. gxf4 {[%emt 0:00:02]} Kb3 {
[%emt 0:00:36]} 40. a4 {[%emt 0:00:03]} Kc4 {[%emt 0:00:02]} 41. e5 {[%emt 0:
00:46]} fxe5 {[%emt 0:00:03]} 42. fxe5 {[%emt 0:00:01]} Kd5 {[%emt 0:00:09]}
43. Kf4 {[%emt 0:00:01]} Ke6 {[%emt 0:00:08]} 44. Bb5 {[%emt 0:00:20]} Bd5 {
[%emt 0:00:06]} 45. Be8 {[%emt 0:00:11]} Bb3 {[%emt 0:00:02]} 46. Ke4 {[%emt 0:
00:20]} Bc2+ {[%emt 0:00:06]} 47. Kd4 {[%emt 0:00:39]} Bb3 {[%emt 0:00:06]} 48.
Ke4 {[%emt 0:00:04]} Bc2+ {[%emt 0:00:02]} 49. Kd4 {[%emt 0:00:01]} Bb3 {
[%emt 0:00:01]} 1/2-1/2

[Event "European Rapid Championship 2021"]
[Site "Katowice"]
[Date "2021.12.18"]
[Round "4.14"]
[White "Godzwon, Iwo"]
[Black "Warchol, Kamil"]
[Result "1-0"]
[WhiteElo "2352"]
[BlackElo "1976"]
[Annotator "NA"]
[PlyCount "67"]
[EventDate "2021.12.18"]
[EventType "swiss"]
[EventCountry "POL"]
[SourceTitle "playchess.com"]
[Source "ChessBase"]
[SourceQuality "1"]
[TimeControl "900+10"]

1. e4 {[%emt 0:00:02]} c5 {[%emt 0:00:01]} 2. Nf3 {[%emt 0:00:04]} e6 {[%emt 0:
00:01]} 3. d4 {[%emt 0:00:01]} cxd4 {[%emt 0:00:01]} 4. Nxd4 {[%emt 0:00:02]}
a6 {[%emt 0:00:01]} 5. c4 {[%emt 0:00:03]} Nf6 {[%emt 0:00:03]} 6. Nc3 {
[%emt 0:00:03]} Bb4 {[%emt 0:00:02]} 7. Nc2 {[%emt 0:01:41]} Bxc3+ {[%emt 0:01:
52]} 8. bxc3 {[%emt 0:00:02]} Nc6 {[%emt 0:00:07]} 9. Bd3 {[%emt 0:03:33]} d5 {
[%emt 0:00:15]} 10. cxd5 {[%emt 0:00:31]} exd5 {[%emt 0:00:06]} 11. exd5 {
[%emt 0:00:01]} Qxd5 {[%emt 0:01:17]} 12. O-O {[%emt 0:00:44]} O-O {[%emt 0:00:
08]} 13. Ne3 {[%emt 0:00:09]} Qa5 {[%emt 0:01:04]} 14. Bb2 {[%emt 0:00:36]} Rd8
{[%emt 0:00:22]} 15. Qb1 {[%emt 0:01:28]} Ne5 {[%emt 0:00:26]} 16. Be2 {
[%emt 0:01:43]} Rd2 {[%emt 0:02:02]} 17. Re1 {[%emt 0:00:28]} Be6 {[%emt 0:00:
21]} 18. c4 {[%emt 0:00:24]} Rd7 {[%emt 0:01:36]} 19. Bf1 {[%emt 0:01:41]} Neg4
{[%emt 0:01:57]} 20. h3 {[%emt 0:00:12]} Nxe3 {[%emt 0:00:13]} 21. Rxe3 {
[%emt 0:00:02]} Ne8 {[%emt 0:00:55]} 22. Qe4 {[%emt 0:01:53]} Qf5 {[%emt 0:00:
35]} 23. Qh4 {[%emt 0:00:27]} Rc8 {[%emt 0:00:44]} 24. Rc1 {[%emt 0:00:37]} Rd2
{[%emt 0:01:29]} 25. Bc3 {[%emt 0:00:12]} Rxa2 {[%emt 0:00:03]} 26. Bd3 {
[%emt 0:00:01]} Qc5 {[%emt 0:01:52]} 27. Qxh7+ {[%emt 0:01:17]} Kf8 {[%emt 0:
00:00]} 28. Rb1 {[%emt 0:00:16]} Nd6 {[%emt 0:00:28]} 29. Bb4 {[%emt 0:00:06]}
Qd4 {[%emt 0:00:01]} 30. Bxd6+ {[%emt 0:00:40]} Qxd6 {[%emt 0:00:02]} 31. Qh8+
{[%emt 0:00:01]} Ke7 {[%emt 0:00:03]} 32. Qxc8 {[%emt 0:00:02]} Qf4 {[%emt 0:
00:23]} 33. Qxb7+ {[%emt 0:00:03]} Kf8 {[%emt 0:00:04]} 34. Qb8+ {[%emt 0:00:
03]} 1-0

[Event "European Rapid Championship 2021"]
[Site "Katowice"]
[Date "2021.12.18"]
[Round "4.14"]
[White "Sliwicka, Alicja"]
[Black "Gumularz, Szymon"]
[Result "0-1"]
[WhiteElo "2303"]
[BlackElo "2452"]
[Annotator "ChessBase"]
[PlyCount "72"]
[EventDate "2021.12.18"]
[EventType "swiss"]
[EventCountry "POL"]
[SourceTitle "playchess.com"]
[Source "ChessBase"]
[SourceQuality "1"]
[TimeControl "900+10"]

1. e4 {[%emt 0:00:01]} e6 {[%emt 0:00:05]} 2. d4 {[%emt 0:00:02]} a6 {[%emt 0:
00:01]} 3. c4 {[%emt 0:00:08]} d5 {[%emt 0:00:02]} 4. e5 {[%emt 0:00:25]} c5 {
[%emt 0:00:15]} 5. cxd5 {[%emt 0:00:18]} exd5 {[%emt 0:00:01]} 6. Nc3 {[%emt 0:
00:02]} cxd4 {[%emt 0:00:46]} 7. Qxd4 {[%emt 0:00:07]} Be6 {[%emt 0:00:02]} 8.
Nf3 {[%emt 0:02:12]} Nc6 {[%emt 0:00:01]} 9. Qf4 {[%emt 0:00:24]} Nge7 {
[%emt 0:00:56]} 10. Bd3 {[%emt 0:00:33]} d4 {[%emt 0:00:43]} 11. Ne4 {[%emt 0:
00:56]} Ng6 {[%emt 0:00:23]} 12. Qg3 {[%emt 0:00:01]} Ngxe5 {[%emt 0:03:10]}
13. Nxe5 {[%emt 0:00:03]} Qa5+ {[%emt 0:00:01]} 14. Bd2 {[%emt 0:00:01]} Qxe5 {
[%emt 0:00:01]} 15. f4 {[%emt 0:00:49]} Qd5 {[%emt 0:00:09]} 16. O-O {[%emt 0:
00:35]} Bf5 {[%emt 0:00:08]} 17. Rfe1 {[%emt 0:00:31]} O-O-O {[%emt 0:00:09]}
18. Rac1 {[%emt 0:00:37]} Kb8 {[%emt 0:04:11]} 19. Bc4 {[%emt 0:00:21]} Qd7 {
[%emt 0:00:02]} 20. Ng5 {[%emt 0:00:08]} Bb4 21. Bxb4 {[%emt 0:00:27]} Nxb4 {
[%emt 0:00:07]} 22. a3 {[%emt 0:01:35]} d3 {[%emt 0:00:13]} 23. Nxf7 {[%emt 0:
03:33]} d2 {[%emt 0:00:13]} 24. Nxd8 {[%emt 0:00:40]} Rxd8 {[%emt 0:00:46]} 25.
axb4 {[%emt 0:00:04]} Qd4+ {[%emt 0:00:01]} 26. Qf2 {[%emt 0:00:01]} dxe1=R+ {
[%emt 0:00:12]} 27. Rxe1 {[%emt 0:00:03]} Qxc4 {[%emt 0:00:01]} 28. Qh4 {
[%emt 0:01:14]} Qd4+ {[%emt 0:00:34]} 29. Kh1 {[%emt 0:00:02]} Ka7 {[%emt 0:00:
23]} 30. h3 {[%emt 0:00:19]} Qxb4 {[%emt 0:00:21]} 31. Re5 {[%emt 0:01:01]}
Rd1+ {[%emt 0:00:32]} 32. Kh2 {[%emt 0:00:01]} Qd4 {[%emt 0:00:13]} 33. Qe7 {
[%emt 0:00:48]} Qg1+ {[%emt 0:00:37]} 34. Kg3 {[%emt 0:00:13]} Rd3+ {[%emt 0:
00:03]} 35. Kh4 {[%emt 0:00:05]} Qf2+ {[%emt 0:00:13]} 36. Kh5 {[%emt 0:00:18]}
Bg6+ {[%emt 0:00:02]} 0-1

[Event "European Rapid Championship 2021"]
[Site "Katowice"]
[Date "2021.12.18"]
[Round "4.15"]
[White "Krasenkow, Michal"]
[Black "Helis, Tadeusz"]
[Result "1-0"]
[WhiteElo "2576"]
[BlackElo "2155"]
[Annotator "ChessBase"]
[PlyCount "81"]
[EventDate "2021.12.18"]
[EventType "swiss"]
[EventCountry "POL"]
[SourceTitle "playchess.com"]
[Source "ChessBase"]
[SourceQuality "1"]
[TimeControl "900+10"]

1. d4 {[%emt 0:00:03]} Nf6 {[%emt 0:00:02]} 2. c4 {[%emt 0:00:01]} d6 {[%emt 0:
00:17]} 3. Nc3 {[%emt 0:00:02]} g6 {[%emt 0:00:03]} 4. e4 {[%emt 0:00:02]} Bg7
{[%emt 0:00:02]} 5. Nf3 {[%emt 0:00:01]} O-O {[%emt 0:00:03]} 6. h3 {[%emt 0:
00:01]} e5 {[%emt 0:00:52]} 7. d5 {[%emt 0:00:02]} a5 {[%emt 0:00:02]} 8. Bg5 {
[%emt 0:00:08]} Nbd7 {[%emt 0:00:07]} 9. Nd2 {[%emt 0:00:06]} Nc5 {[%emt 0:00:
12]} 10. Be2 {[%emt 0:00:04]} Bd7 {[%emt 0:00:05]} 11. Nb3 {[%emt 0:00:54]} b6
{[%emt 0:00:04]} 12. Nxc5 {[%emt 0:00:02]} bxc5 {[%emt 0:00:03]} 13. Qd2 {
[%emt 0:00:05]} Qb8 {[%emt 0:00:45]} 14. O-O {[%emt 0:00:32]} h6 {[%emt 0:01:
08]} 15. Bxh6 {[%emt 0:00:26]} Bxh6 {[%emt 0:00:02]} 16. Qxh6 {[%emt 0:00:01]}
Qxb2 {[%emt 0:00:02]} 17. Rac1 {[%emt 0:00:38]} Rfb8 {[%emt 0:01:32]} 18. h4 {
[%emt 0:03:01]} Nh7 {[%emt 0:02:22]} 19. Qe3 {[%emt 0:04:21]} Qb7 {[%emt 0:00:
04]} 20. f4 {[%emt 0:00:13]} exf4 {[%emt 0:00:18]} 21. Rxf4 {[%emt 0:00:01]}
Rf8 {[%emt 0:00:05]} 22. Rcf1 {[%emt 0:00:56]} Rae8 {[%emt 0:00:48]} 23. Rb1 {
[%emt 0:01:01]} Qc8 {[%emt 0:00:17]} 24. Qg3 {[%emt 0:00:13]} Kh8 {[%emt 0:00:
11]} 25. Nd1 {[%emt 0:00:25]} Re7 {[%emt 0:01:06]} 26. Nf2 {[%emt 0:00:15]} Qe8
{[%emt 0:00:12]} 27. Qc3+ {[%emt 0:00:23]} Kg8 {[%emt 0:00:04]} 28. Qxa5 {
[%emt 0:00:24]} Qa8 {[%emt 0:00:19]} 29. Qxc7 {[%emt 0:00:10]} Qxa2 {[%emt 0:
00:02]} 30. Bd3 {[%emt 0:00:13]} Rfe8 {[%emt 0:06:22]} 31. Qxd6 {[%emt 0:00:09]
} Ba4 {[%emt 0:00:03]} 32. Qxc5 {[%emt 0:00:14]} Bc2 {[%emt 0:00:04]} 33. Bxc2
{[%emt 0:00:05]} Qxc2 {[%emt 0:00:02]} 34. Rf1 {[%emt 0:00:08]} Qd2 {[%emt 0:
00:09]} 35. Rf3 {[%emt 0:00:58]} Qh6 {[%emt 0:00:32]} 36. d6 {[%emt 0:01:12]}
Rd7 {[%emt 0:00:02]} 37. Ng4 {[%emt 0:00:20]} Qxh4 {[%emt 0:00:03]} 38. Ne5 {
[%emt 0:00:04]} Ng5 {[%emt 0:00:21]} 39. Nxd7 {[%emt 0:00:06]} Nxf3+ {[%emt 0:
00:01]} 40. Rxf3 {[%emt 0:00:01]} Qe1+ {[%emt 0:00:02]} 41. Rf1 {[%emt 0:00:01]
} 1-0

[Event "European Rapid Championship 2021"]
[Site "Katowice"]
[Date "2021.12.18"]
[Round "4.15"]
[White "Danielyan, Vahe"]
[Black "Cichon, Jakub"]
[Result "1-0"]
[WhiteElo "2198"]
[BlackElo "1854"]
[Annotator "NA"]
[PlyCount "91"]
[EventDate "2021.12.18"]
[EventType "swiss"]
[EventCountry "POL"]
[SourceTitle "playchess.com"]
[Source "ChessBase"]
[SourceQuality "1"]
[TimeControl "900+10"]

1. e4 {[%emt 0:00:03]} e5 {[%emt 0:00:01]} 2. Nf3 {[%emt 0:00:01]} Nc6 {
[%emt 0:00:02]} 3. Bc4 {[%emt 0:00:37]} Bc5 {[%emt 0:00:03]} 4. c3 {[%emt 0:00:
01]} Nf6 {[%emt 0:00:01]} 5. d4 {[%emt 0:00:02]} exd4 {[%emt 0:00:01]} 6. b4 {
[%emt 0:00:01]} Bb6 {[%emt 0:01:06]} 7. e5 {[%emt 0:00:01]} d5 {[%emt 0:00:46]}
8. Bb5 {[%emt 0:00:10]} Ne4 {[%emt 0:00:32]} 9. Nxd4 {[%emt 0:00:14]} Bd7 {
[%emt 0:00:07]} 10. Bxc6 {[%emt 0:00:27]} bxc6 {[%emt 0:00:10]} 11. O-O {
[%emt 0:00:03]} O-O {[%emt 0:00:45]} 12. f3 {[%emt 0:00:24]} Ng5 {[%emt 0:00:
14]} 13. Nd2 {[%emt 0:00:04]} a5 {[%emt 0:01:38]} 14. N2b3 {[%emt 0:00:50]}
axb4 {[%emt 0:00:39]} 15. cxb4 {[%emt 0:00:01]} Ne6 {[%emt 0:00:11]} 16. Be3 {
[%emt 0:00:14]} Qe7 {[%emt 0:01:16]} 17. Qe1 {[%emt 0:00:01]} Nxd4 {[%emt 0:01:
18]} 18. Bxd4 {[%emt 0:00:02]} Bxd4+ {[%emt 0:00:03]} 19. Nxd4 {[%emt 0:00:01]}
c5 {[%emt 0:00:10]} 20. bxc5 {[%emt 0:00:01]} Qxc5 {[%emt 0:00:04]} 21. Qf2 {
[%emt 0:00:01]} Ra4 {[%emt 0:00:41]} 22. Nb3 {[%emt 0:01:03]} Qe7 {[%emt 0:01:
00]} 23. Rfe1 {[%emt 0:01:22]} Rfa8 {[%emt 0:01:02]} 24. Qc5 {[%emt 0:00:58]}
Qe6 {[%emt 0:01:23]} 25. Qxc7 {[%emt 0:00:36]} Rc8 {[%emt 0:01:32]} 26. Qd6 {
[%emt 0:00:58]} Qxd6 {[%emt 0:00:27]} 27. exd6 {[%emt 0:00:01]} Ra6 {[%emt 0:
00:01]} 28. a4 {[%emt 0:01:10]} Rxd6 {[%emt 0:00:28]} 29. a5 {[%emt 0:00:15]}
Ra8 {[%emt 0:01:03]} 30. Nc5 {[%emt 0:00:30]} Bb5 {[%emt 0:00:23]} 31. a6 {
[%emt 0:00:10]} Rc6 {[%emt 0:00:51]} 32. Rec1 {[%emt 0:01:00]} Bc4 {[%emt 0:00:
06]} 33. Ra5 {[%emt 0:00:30]} Ra7 {[%emt 0:00:39]} 34. Kf2 {[%emt 0:00:13]} Kf8
{[%emt 0:00:05]} 35. Ke3 {[%emt 0:00:03]} Ke7 {[%emt 0:00:06]} 36. Kd4 {
[%emt 0:00:03]} Kd6 {[%emt 0:00:44]} 37. Rb1 {[%emt 0:00:12]} Rxc5 {[%emt 0:01:
12]} 38. Rxc5 {[%emt 0:00:02]} Rxa6 {[%emt 0:00:04]} 39. Rb7 {[%emt 0:00:11]}
Ke6 {[%emt 0:00:26]} 40. Rcc7 {[%emt 0:00:03]} Ra2 {[%emt 0:00:11]} 41. Rb6+ {
[%emt 0:00:27]} Kf5 {[%emt 0:00:03]} 42. Rxf7+ {[%emt 0:00:02]} Kg5 {[%emt 0:
00:04]} 43. Rxg7+ {[%emt 0:00:05]} Kh5 {[%emt 0:00:13]} 44. Rxh7+ {[%emt 0:00:
04]} Kg5 {[%emt 0:00:01]} 45. Rg7+ {[%emt 0:00:04]} Kh5 {[%emt 0:00:05]} 46.
g4+ {[%emt 0:00:02]} 1-0

[Event "European Rapid Championship 2021"]
[Site "Katowice"]
[Date "2021.12.18"]
[Round "4.16"]
[White "Gretarsson, Helgi Ass"]
[Black "Katolik, Kamil"]
[Result "1-0"]
[WhiteElo "2476"]
[BlackElo "1751"]
[Annotator "ChessBase"]
[PlyCount "58"]
[EventDate "2021.12.18"]
[EventType "swiss"]
[EventCountry "POL"]
[SourceTitle "playchess.com"]
[Source "ChessBase"]
[SourceQuality "1"]
[TimeControl "900+10"]

1. d4 {[%emt 0:00:02]} d5 {[%emt 0:01:19]} 2. Nf3 {[%emt 0:00:09]} e6 {[%emt 0:
00:02]} 3. g3 {[%emt 0:00:04]} c6 {[%emt 0:00:02]} 4. Bg2 {[%emt 0:00:02]} f5 {
[%emt 0:00:01]} 5. O-O {[%emt 0:00:01]} Nf6 {[%emt 0:00:02]} 6. c4 {[%emt 0:00:
01]} Bd6 {[%emt 0:00:01]} 7. b3 {[%emt 0:00:02]} Qe7 {[%emt 0:00:08]} 8. Bb2 {
[%emt 0:00:14]} O-O {[%emt 0:00:05]} 9. Qc1 {[%emt 0:00:00]} Ne4 {[%emt 0:00:
09]} 10. Ba3 {[%emt 0:00:09]} Nd7 {[%emt 0:00:06]} 11. Bxd6 {[%emt 0:00:14]}
Qxd6 {[%emt 0:00:04]} 12. Qa3 {[%emt 0:00:01]} Qxa3 {[%emt 0:00:18]} 13. Nxa3 {
[%emt 0:00:01]} b6 {[%emt 0:00:03]} 14. Rfc1 {[%emt 0:00:05]} Bb7 {[%emt 0:00:
07]} 15. Ne1 {[%emt 0:00:06]} f4 {[%emt 0:01:21]} 16. Nd3 {[%emt 0:03:37]} g5 {
[%emt 0:01:58]} 17. Bh3 {[%emt 0:00:50]} Rae8 {[%emt 0:08:02]} 18. cxd5 {
[%emt 0:00:07]} cxd5 {[%emt 0:00:42]} 19. Rc7 {[%emt 0:00:01]} Bc8 {[%emt 0:00:
01]} 20. Rxc8 {[%emt 0:01:47]} Rxc8 {[%emt 0:00:58]} 21. Bxe6+ {[%emt 0:00:02]}
Kg7 {[%emt 0:00:02]} 22. Bxd7 {[%emt 0:00:02]} Rc7 {[%emt 0:00:36]} 23. Bg4 {
[%emt 0:01:10]} fxg3 {[%emt 0:00:32]} 24. hxg3 {[%emt 0:00:05]} a5 {[%emt 0:00:
37]} 25. Kg2 {[%emt 0:02:44]} Rc3 {[%emt 0:00:58]} 26. f3 {[%emt 0:04:11]} Nf6
{[%emt 0:00:13]} 27. Bf5 {[%emt 0:00:01]} Re8 {[%emt 0:00:39]} 28. Ne5 {
[%emt 0:00:16]} Re7 {[%emt 0:00:29]} 29. Nb5 {[%emt 0:00:08]} Re3 1-0